Matemt̀icas financieras aplicadas Uso de calculadoras financieras y excel /

Bibliographic Details
Main Author: Meza Orozco, Jhonny de Jess︢
Format: eBook
Language:Spanish
Published: Bogot ̀: Ecoe ediciones, 2011
Series:Ciencias administrativas. Contabilidad y finanzas
Subjects:
Online Access:Acceso restringido

MARC

LEADER 00000nam a22000007a 4500
005 20120402121741.0
007 cr|||| ||||
008 120402s2011 co |||||s|||| 00||0 spa d
020 |a 978-958-648-728-3 
035 |a 6250 
040 |a vLex 
090 |c 3115  |d 3115 
100 1 |a Meza Orozco, Jhonny de Jess︢ 
245 1 0 |a Matemt̀icas financieras aplicadas  |h [Recurso electrn̤ico] :  |b  Uso de calculadoras financieras y excel /  |c Jhonny de Jess︢ Meza Orozco 
256 |a Servicio en ln̕ea 
260 |a Bogot ̀:  |b Ecoe ediciones,  |c 2011 
300 |a 1 recurso electrn̤ico 
490 0 |a Ciencias administrativas. Contabilidad y finanzas  
500 |a Es comn︢ para cualquier persona que abre una cuenta de ahorros, constituye un CDT o solicita un crďito bancario, comercial o de vivienda, sentirse agobiado por la dificultad de comprender los indicadores y sistemas de amortizacin̤ propios de nuestro sistema financiero y comercial, tales como la DTF, la UVR, tasas nominales y efectivas, tasas variables, TIR, VPN, sistema de cuota fija, sistema de abono constante a capital, etc. La enseąnza de las finanzas, en general, ha tenido una importante evolucin̤ con el desarrollo de nuevas tecnologa̕s. En esta cuarta edicin̤ se tratan estos temas propios de las matemt̀icas financieras utilizando, adems̀ de los procedimientos matemt̀icos tradicionales, los equivalentes con las calculadoras financieras y, especialmente, la hoja de cl̀culo Excel. Como material de enseąnza complementario, el lector podr ̀descargar del SIL (Sistema de Informacin̤ en Ln̕ea) dos aplicativos en Excel relacionados: uno, con el cl̀culo de intereses moratorios para deudas bancarias y tributarias vencidas y, el otro, con la conversin̤ de tasas de interš. El texto est ̀orientado ms̀ al aprendizaje que a la enseąnza, de tal forma que cualquier persona con los fundamentos matemt̀icos bs̀icos y con deseos de aprender el tema, pueda abordarlo sin dificultad. 
506 1 |a Contenido solo disponible en los productos indicados  |d vLex Global   |d vLex Global (Academic Edition, excluding Law Schools)   |d vLex Global (U.S. Academic Edition, Law Schools)   |d vLex Global (U.S. Academic Edition, excluding Law Schools)   |d vLex Global (Academic Edition, Law Schools)  
650 0 4 |a Matemt̀ica  |z Colombia 
650 0 4 |a Calculadores financeres  |z Colombia 
740 0 |a vLex Libros (Servicio en ln̕ea) 
856 4 0 |u http://vlex.com/source/matematicas-financieras-aplicadas-uso-calculadoras-financieras-excel-6250  |z Acceso restringido 
942 |c BOOK 
999 0 |a  Mathematics 
999 0 |a Management